|
|
|
|
| LEADER |
01376nab#a2200349#ar4500 |
| 001 |
000124521 |
| 003 |
SVKKK |
| 005 |
20181128154526.0 |
| 008 |
181128c1910 xo |||||||||||||||b|hun |
| FMT |
|
|
|
| 015 |
|
|
|a SNBRB2013/
|
| 038 |
|
|
|a SVKKK
|
| 040 |
|
|
|a SVKKK
|b slo
|e AACR2
|
| 041 |
0 |
|
|a hun
|
| 044 |
|
|
|a xo
|c SK
|
| 080 |
|
|
|a 351.752.1
|2 2011
|
| 242 |
1 |
0 |
|a Dobšinský maškarný ples
|
| 245 |
1 |
2 |
|a A dobsinai álarcos bál
|
| 520 |
2 |
|
|a Na maškarnom bále, ktorý organizuje Konverzačný spolok (Társalgási Egyesület) v Dobšinej na Silvestra 1910 bude účinkovaťdomáci cigánsky orchester pod vedením Bálinta (Valentína) Balogha a nie Banda Marci, ako sa písalo v nemenovanom mediálnom zdroji.
|
| 600 |
1 |
4 |
|a Balogh, Bálint (Valentín)
|x primáš cigánsky
|x vystúpenie na podujatí
|z Dobšiná (Slovensko)
|y 1910
|
| 650 |
0 |
4 |
|a spolkové podujatia
|x Konverzačný spolok (Társalgási Egyesület)
|z Dobšiná (Slovensko)
|x podujatia spoločenské
|z 1910
|
| 651 |
|
4 |
|a Dobšiná (Slovensko)
|
| 651 |
|
4 |
|a Gemersko-malohontská župa
|
| 655 |
# |
4 |
|a hungariká
|
| 773 |
0 |
|
|t Dobsina és vidéke : Vasárnapoként megjelenő társadalmi, közgazdasági és szépirodalmi hetilap
|g Roč. I, č. 5 (18. 12. 1910), s. 3.
|
| 958 |
|
|
|a HU
|
| 974 |
|
|
|a ebl
|
| 992 |
|
|
|a RBX
|
| 997 |
|
|
|b Dobsina p. Dobšiná
|
| BAS |
|
|
|
| 852 |
|
|
|a SVKKK
|b BIB
|
| 998 |
|
|
|a RETRO
|